00473nam a2200157 a 4500008004100000020001500041050001600056100002300072245002600095260003900121300002100160350000900181490004600190500005500236650002400291120416s1996 ||||||||||||||||| || u a0750623888 aNA 8480 Kro aKronenburg, Robert10aPortable architecture aOxford:bArchitectural Pressc1996 aviii,140p.: ill. a0.00 aArchitectural Press new technology series aIncludes bibliographical references (p. 134-136)  aBUILDINGS--PORTABLE